A-Z Animal Quiz - Statistics

General Stats
  • This quiz has been taken 81 times
  • The average score is 12 of 26
Answer Stats
Hint Answer % Correct
An African animal that lives in burrows and has a elongated nose Aardvark
72%
The largest cat on earth Tiger
72%
The Largest Ape Gorilla
70%
A species of wild dog that lives in Australia Dingo
65%
A species of Big cat Jaguar
65%
The largest bear on earth Polar Bear
65%
A small bird endemic to New Zealand Kiwi
63%
Has a large horn and lives in the Arctic sea Narwhal
63%
This species is also known as the sea cow Manatee
61%
A species of bat that drinks blood Vampire Bat
59%
A group of these is called a Dazzle Zebra
59%
A species of reptile that is a character is Dora the Explorer Iguana
52%
An Australian mammal that lays eggs Echidna
48%
A large Bovine Yak
46%
A member of the pig family Warthog
43%
They kill around 500 people a year Hippopotamus
41%
They are notorious for falling off cliffs Lemming
41%
This species is considered the happiest animal on earth Quokka
30%
This species exclusively lives in the Ituri Rainforest in DRC Okapi
28%
This is the largest reptile on earth Saltwater Crocodile
28%
A species of cat that lives in Africa Caracal
26%
A species of Tetra X-ray Tetra
24%
A species of deer that lives in Europe and has white spots Fallow Deer
22%
A species of giraffe Reticulated Giraffe
20%
Also known as the Linnaeus's Two-Toed Sloth Unau
20%
A species of Tapir Bairds Tapir
15%
No matching quizzes found
Score Distribution
Percent of People with Each Score
Percentile by Number Answered
Your Score History
You have not taken this quiz